000 01965nam0a2200397 4500
001 RU\NLR\bibl\1662885
005 20250616041657.0
010 _a978-5-7890-0517-0
_9250
021 _aRU
_b2010-48883
_93246
035 _a(nilc)RSL-KNO-004700787
035 _a(NLR Aleph) 001654167
090 _a940672
_c940672
100 _a20100628d2009 |||y0rusy50 ca
101 0 _arus
102 _aRU
105 _aa |||||||||
200 1 _aТехнология контроля и испытаний машин
_eучебное пособие
_fМ. А. Тамаркин, Г. А. Прокопец, А. А. Прокопец
_gФедеральное агентство по образованию, Гос. образовательное учреждение высш. проф. образования "Донской гос. технический ун-т"
210 _aРостов-на-Дону
_cИздательский центр ДГТУ
_d2009
215 _a128 с.
_cил., табл.
_d21
320 _aБиблиогр.: с. 124
606 1 _aДетали машин
_jУчебные издания для высших учебных заведений
_xИспытание
_9941150
_3RU\NLR\auth\66348265
606 1 _aДетали машин
_jУчебные издания для высших учебных заведений
_xТехнический контроль
_9942322
_3RU\NLR\auth\66348893
686 _aК5-7я73-1
_2rubbk
686 _aК47я73-1
_2rubbk
686 _aК47я73-1
686 _aК5-7я73-1
700 1 _4070
_7ca
_8rus
_aТамаркин
_bМ. А.
_f1950-
_gМихаил Аркадьевич
_9170125
_3RU\NLR\AUTH\770170175
701 1 _aПрокопец
_bГ. А.
_gГалина Анатольевна
_4070
701 1 _aПрокопец
_bА. А.
_4070
801 0 _aRU
_bРГБ
_c20100628
_grcr
801 1 _aRU
_bРГБ
_c20100628
801 2 _aRU
_bNLR
_c20100811
_grcr
942 _cBOOK
980 _aNB